000
00334nam a2200145Ia 4500
008
230718s9999 xx 000 0 und d
041
_a
Eng.
082
_a
3477342
_b
HUS-L
100
_a
Hussnain, Ghulam
245
0
_a
Law of Pleading
260
_a
Pakistan
_b
Court and Frimnal
_c
2015
300
_a
252
650
_a
Law
999
_c
30808
_d
30808